00976nam a2200265 a 450000100100000000500170001000800410002702000150006804000250008304100390010808200170014710000230016424000410018724500940022826000410032230000210036349000230038453400500040750000830045750000750054065000270061565000210064270000240066383000230068700002363720260116105540.0101216s1992 sp 000 0 spa d a8427016069 aDO-SdBNPbspacBNPHU17aspaheng2Código de idiomas MARC a155.2bT238s1 aTaylor, Cathryn L.10aThe inner child workbook.lEspañol10aSupere sus traumas y triunfe en la vida /cCathryn L. Taylor ; traducción Jorge Ribera. aBarcelona :bMartínez Roca,c1992. a314 p. ;c22 cm.1 aFontana Práctica aTítulo original :tThe inner child workbook aIncluye referencias biográficas del autor en la solapa de la contracubierta. a"Ejercicios que aplican las más modernas técnicas psicológicas". 0aPsicología aplicada  4aAutopercepción1 aRibera, Jorge,etr. 0aFontana Práctica